000 00560cam a22001932 4500
001 0000003411
005 20151217154338.0
008 070507s xx 000 0 eng d
040 _aKABU
_cKABU
050 0 _aKD371
_b.M8S86
100 1 _aSymons, Julian.
_@0000153322
245 1 2 _aA Reasonable doubt :
_bsome criminal cases re-examined.
260 _aLondon :
_bPan Books,
_c1960.
300 _a249 p.
650 0 _aTrials (Murder)
_zGreat Britain.
_@0000153323
908 _a070507
950 _@1
999 _c10661
_d10661